000 00550nam a2200193Ia 4500
005 20250326141834.0
008 250326s9999 xx 000 0 und d
020 _a0-434-90134-2
037 _aTextbook
040 _aFMSL
_beng
_cFMSL
041 _aeng
_2eng
084 _aX:74 M7
_qFMSL
100 _aBell Gordon
_9745137
245 0 _aSecrets of successful speaking and business presentations
_cBell Gordon
260 _aLondon
_bLondon, Heinemann
_c1987
300 _avii,160
942 _cTB
_hX:74 M7
999 _c1292222
_d1292222